Spell the Marvel Hero #123 - Statistics

General Stats
  • This quiz has been taken 17 times
  • The average score is 7 of 11
Answer Stats
Picture Answer % Correct
Hulk
100%
Hawkeye
85%
Cable
77%
Arana
69%
Nova
69%
Rogue
69%
Mirage (Dani Moonstar)
62%
Omega
62%
Human Torch
54%
Triton
46%
Uranian
46%
No matching quizzes found
Score Distribution
Percent of People with Each Score
Percentile by Number Answered
Your Score History
You have not taken this quiz